[Event "100th YMCA Winter D"]
[Site "Warszawa"]
[Date "2012.01.26"]
[Round "7"]
[White "Kovalchuk, Vasyl"]
[Black "Solnicki, Maciej"]
[Result "1-0"]
[WhiteElo "1662"]
[BlackElo "1474"]
[PlyCount "73"]
[EventDate "2012.01.03"]
[EventType "tourn"]
[EventRounds "1"]
[EventCountry "POL"]
[SourceDate "2012.01.03"]

1. c4 c5 2. Nc3 Nc6 3. g3 e5 4. Bg2 g6 5. Nf3 d6 6. d3 Bg7 7. O-O Nge7 8. Nd2
O-O 9. a3 Be6 10. Nd5 Qd7 11. Re1 Rae8 12. Rb1 a5 13. Nf1 h6 14. Bd2 Kh7 15.
Nxe7 Rxe7 16. Bxc6 Qxc6 17. Bxa5 Bh3 18. Ne3 f5 19. Nd5 Ref7 20. f4 exf4 21.
Nxf4 Bg4 22. Bc3 Bxc3 23. bxc3 g5 24. Nd5 f4 25. Rb6 Qd7 26. Qb1 f3 27. exf3
Bxf3 28. Ne3 Qh3 29. d4+ Kg7 30. Rxd6 Kh8 31. Qg6 Rh7 32. Rf6 Rg8 33. Qf5 g4
34. Qxc5 Rg5 35. Rf8+ Kg7 36. Qe7+ Kg6 37. Qe8+ 1-0

[Event "100th YMCA Winter D"]
[Site "Warszawa"]
[Date "2012.02.14"]
[Round "7"]
[White "Sokur, Ivan"]
[Black "Gajewski, Wojciech"]
[Result "1-0"]
[WhiteElo "1458"]
[BlackElo "1481"]
[PlyCount "71"]
[EventDate "2012.01.03"]
[EventType "tourn"]
[EventRounds "1"]
[EventCountry "POL"]
[SourceDate "2012.01.03"]

1. d4 Nf6 2. c4 Nc6 3. Nc3 e5 4. d5 Ne7 5. e4 Ng6 6. Nf3 Bc5 7. h3 a6 8. a3 d6
9. b4 Ba7 10. Bg5 h6 11. Bxf6 Qxf6 12. Ne2 O-O 13. Rc1 Qe7 14. Nc3 f5 15. Bd3
Nf4 16. O-O Qf6 17. Bb1 Qg6 18. Nh4 Qg3 19. c5 Nxh3+ 20. Kh1 Nxf2+ 21. Rxf2
Qxf2 22. Ng6 Rf6 23. exf5 Qe3 24. Ne4 Rxg6 25. fxg6 Bg4 26. Qd2 Qxa3 27. Nf6+
gxf6 28. Qxh6 Qxc1+ 29. Qxc1 Kg7 30. Kh2 dxc5 31. bxc5 Rd8 32. Qc4 f5 33. d6
Rh8+ 34. Kg3 Rf8 35. dxc7 Bh5 36. Bxf5 1-0

[Event "100th YMCA Winter D"]
[Site "Warszawa"]
[Date "2012.02.14"]
[Round "7"]
[White "Starczewski, Michal"]
[Black "Markiewicz, Janusz"]
[Result "1-0"]
[WhiteElo "1511"]
[BlackElo "1411"]
[PlyCount "51"]
[EventDate "2012.01.03"]
[EventType "tourn"]
[EventRounds "1"]
[EventCountry "POL"]
[SourceDate "2012.01.03"]

1. d4 e5 2. dxe5 Nc6 3. Nf3 Qe7 4. Nc3 Nxe5 5. Nd5 Nxf3+ 6. gxf3 Qc5 7. e4 Ne7
8. Be3 Qc6 9. Bb5 Qd6 10. Bf4 Qc5 11. b4 Nxd5 12. bxc5 Nxf4 13. Qd2 Ne6 14. c6
dxc6 15. Bc4 b5 16. Bb3 a5 17. a4 b4 18. O-O-O Be7 19. Rhg1 Bf6 20. f4 Bc3 21.
Qe3 O-O 22. e5 Re8 23. f5 Nf8 24. Rxg7+ Kxg7 25. f6+ Kg6 26. Rg1+ 1-0

[Event "100th YMCA Winter D"]
[Site "Warszawa"]
[Date "2012.02.14"]
[Round "7"]
[White "Jankiewicz, Maciej"]
[Black "Wojcikiewicz, Dariusz"]
[Result "1/2-1/2"]
[WhiteElo "1389"]
[BlackElo "1434"]
[PlyCount "100"]
[EventDate "2012.01.03"]
[EventType "tourn"]
[EventRounds "1"]
[EventCountry "POL"]
[SourceDate "2012.01.03"]

1. e4 b6 2. d4 Bb7 3. Nc3 e6 4. a3 Nf6 5. e5 Ne4 6. Nxe4 Bxe4 7. Qe2 Bb7 8. Be3
d6 9. f4 Nd7 10. Nf3 c5 11. c3 Rc8 12. Qf2 cxd4 13. cxd4 Rc7 14. Bd3 Qc8 15.
O-O dxe5 16. fxe5 f6 17. Qg3 f5 18. Ng5 Nb8 19. Rac1 Bd5 20. Qh3 g6 21. Bb5+
Nc6 22. Rc3 a6 23. Bxc6+ Rxc6 24. Rxc6 Qxc6 25. Nxh7 Bg7 26. Rc1 Qb7 27. Qg3
Kf7 28. Ng5+ Ke7 29. Nf3 Bxf3 30. gxf3 Kf7 31. Kf2 Rc8 32. Qg1 Rc7 33. h4 Qc8
34. Rxc7+ Qxc7 35. Qd1 Qd8 36. Kg3 Bxe5+ 37. Kh3 Bf6 38. Bf2 e5 39. d5 e4 40.
fxe4 fxe4 41. d6 Qd7+ 42. Kg2 Qc6 43. Qb3+ Kg7 44. Bg3 e3+ 45. Kh2 e2 46. Qe3
Qc2 47. Kh3 Qf5+ 48. Kh2 Qc2 49. Kh3 Qf5+ 50. Kh2 Qc2 1/2-1/2

[Event "100th YMCA Winter D"]
[Site "Warszawa"]
[Date "2012.02.14"]
[Round "7"]
[White "Rodak, Przemyslaw"]
[Black "Bartczak, Hanna"]
[Result "1-0"]
[WhiteElo "1566"]
[BlackElo "1645"]
[PlyCount "73"]
[EventDate "2012.01.03"]
[EventType "tourn"]
[EventRounds "1"]
[EventCountry "POL"]
[SourceDate "2012.01.03"]

1. d4 Nf6 2. c4 d6 3. Nc3 c6 4. e4 Nbd7 5. Nf3 e5 6. Be2 Be7 7. O-O O-O 8. Re1
Qc7 9. Qc2 Re8 10. h3 Nf8 11. Be3 Ng6 12. Rad1 Bd7 13. b4 b5 14. dxe5 dxe5 15.
c5 a5 16. a3 axb4 17. axb4 Ra3 18. Bc1 Ra7 19. Bb2 Qc8 20. Bf1 Nh5 21. Ne2 Bf6
22. Ra1 Rxa1 23. Rxa1 Nhf4 24. Nxf4 Nxf4 25. Ra7 g5 26. Qd1 Rd8 27. Qc2 Ng6 28.
Bc1 g4 29. hxg4 Qb8 30. Qa2 Be6 31. Qa5 Bxg4 32. Bg5 Bxg5 33. Nxg5 Rf8 34. Nxf7
Be6 35. Ng5 Qd8 36. Qxd8 Rxd8 37. Nxe6 1-0

[Event "100th YMCA Winter D"]
[Site "Warszawa"]
[Date "2012.02.14"]
[Round "7"]
[White "Wilczynski, Adam"]
[Black "Tomczyk, Ryszard"]
[Result "1-0"]
[WhiteElo "1654"]
[BlackElo "1439"]
[Annotator "M"]
[PlyCount "99"]
[EventDate "2012.01.03"]
[EventType "tourn"]
[EventRounds "1"]
[EventCountry "POL"]
[SourceDate "2012.01.03"]

1. c4 b6 2. Nc3 Bb7 3. e4 d6 4. g3 g6 5. Bg2 Bg7 6. Nge2 Nf6 7. O-O Nbd7 8. d4
e5 9. d5 Qe7 10. h3 h6 11. Be3 Nh5 12. Qd2 g5 13. b4 Ba6 14. Nb5 Ndf6 15. a4
O-O 16. Rac1 Rfc8 17. c5 Bxb5 18. axb5 Ne8 19. f4 gxf4 20. gxf4 Kh7 21. f5 Qh4
22. Qe1 Qe7 23. Qf2 Bf6 24. Ra1 Bh4 25. Qf3 Nef6 26. c6 Rg8 27. Bf2 Bg5 28. Kh1
Bd2 29. Bh4 Qf8 30. Be1 Bf4 31. Ra6 Qg7 32. Bh4 Bd2 33. Rfa1 Bxb4 34. Rxa7 Rac8
35. Be1 Bxe1 36. Rxe1 Qg5 37. Rg1 Qd2 $11 38. Bf1 Rxg1+ 39. Nxg1 Nf4 40. Ne2
N6h5 41. f6 Qe1 42. Nxf4 Ng3+ 43. Kg1 exf4 44. Ra2 Rg8 45. Rg2 Qxe4 46. Bd3
Ne2+ 47. Qxe2 Rxg2+ 48. Qxg2 Qg6 49. Bxg6+ fxg6 50. Qe4 1-0

[Event "100th YMCA Winter D"]
[Site "Warszawa"]
[Date "2012.02.24"]
[Round "8"]
[White "Jackiewicz, Jerzy"]
[Black "Tomczyk, Ryszard"]
[Result "0-1"]
[WhiteElo "1668"]
[BlackElo "1439"]
[Annotator "M"]
[PlyCount "124"]
[EventDate "2012.01.03"]
[EventType "tourn"]
[EventRounds "1"]
[EventCountry "POL"]
[SourceDate "2012.01.03"]

1. c4 g6 2. g3 Bg7 3. Bg2 Nf6 4. Nc3 c6 5. e3 e6 6. Nge2 b6 7. O-O Bb7 8. d4 d5
9. cxd5 cxd5 10. Bd2 O-O 11. Rc1 Nc6 12. a3 Qe7 13. b4 Rac8 14. f4 Rc7 15. Qe1
Rfc8 16. Nb5 Rd7 17. Nbc3 Ne8 18. Rd1 Nd6 19. Bc1 Nc4 20. e4 dxe4 21. Nxe4 Nxd4
22. Nxd4 Bxd4+ 23. Kh1 Bc6 24. Nc3 Bxg2+ 25. Kxg2 a5 26. Nb5 Bg7 27. bxa5 bxa5
28. Rxd7 Qxd7 29. a4 Qc6+ 30. Kh3 Qd5 31. Qe2 Rd8 32. Re1 Qf5+ 33. Kg2 Qd5+ 34.
Kh3 Qf5+ 35. Kg2 Qd5+ 36. Kh3 $11 h5 37. Qe4 Nb6 38. Ba3 Qb3 39. Be7 Rd5 40.
Rb1 Qxa4 41. Qxa4 Nxa4 42. Nc7 Rd7 43. Rb8+ Kh7 44. Bd8 Nc5 45. Nb5 a4 46. Bb6
Rb7 47. Rxb7 Nxb7 48. Bd4 Bxd4 49. Nxd4 a3 50. Nc2 a2 51. Kg2 Kg7 52. Kf3 Nc5
53. Na1 Kf6 54. h3 e5 55. g4 Nd3 56. fxe5+ Nxe5+ 57. Kf4 hxg4 58. hxg4 g5+ 59.
Kg3 Ke6 60. Nc2 Kd6 61. Kh3 Kc5 62. Kg3 Kc4 0-1

[Event "100th YMCA Winter D"]
[Site "Warszawa"]
[Date "2012.01.11"]
[Round "8"]
[White "Bartczak, Hanna"]
[Black "Wilczynski, Adam"]
[Result "0-1"]
[WhiteElo "1645"]
[BlackElo "1654"]
[PlyCount "52"]
[EventDate "2012.01.03"]
[EventType "tourn"]
[EventRounds "1"]
[EventCountry "POL"]
[SourceDate "2012.01.03"]

1. d4 Nf6 2. c4 e6 3. Nf3 b6 4. g3 Bb7 5. Bg2 Be7 6. O-O O-O 7. Nc3 Ne4 8. Qc2
Nxc3 9. bxc3 f5 10. a4 Be4 11. Qb3 Nc6 12. Nd2 Na5 13. Qd1 Bxg2 14. Kxg2 c5 15.
Qc2 Bf6 16. Qd3 Qc7 17. Ba3 d6 18. d5 Qd7 19. Bb2 e5 20. e4 f4 21. Nf3 g5 22.
Ra3 g4 23. Ng1 f3+ 24. Kh1 Qe7 25. Bc1 h5 26. h4 Bxh4 0-1

[Event "100th YMCA Winter D"]
[Site "Warszawa"]
[Date "2012.02.21"]
[Round "8"]
[White "Wojcikiewicz, Dariusz"]
[Black "Rodak, Przemyslaw"]
[Result "1-0"]
[WhiteElo "1434"]
[BlackElo "1566"]
[PlyCount "93"]
[EventDate "2012.01.03"]
[EventType "tourn"]
[EventRounds "1"]
[EventCountry "POL"]
[SourceDate "2012.01.03"]

1. b3 d5 2. Bb2 Nf6 3. e3 e6 4. Nf3 Bd6 5. c4 O-O 6. Qc2 h6 7. Nc3 Re8 8. Nb5
a6 9. Nxd6 cxd6 10. cxd5 Nxd5 11. Qe4 Nd7 12. Bd3 N7f6 13. Qd4 e5 14. Qh4 e4
15. Bc4 exf3 16. gxf3 b5 17. Bd3 Nh7 18. Qd4 Ndf6 19. Rg1 Re5 20. Qf4 g5 21.
Bxe5 dxe5 22. Bxh7+ Kxh7 23. Qxe5 Ng8 24. Qe4+ Bf5 25. Qxf5+ Kg7 26. Qe5+ f6
27. Qe6 Qd3 28. Qe4 Qd8 29. Rc1 Rc8 30. Qb7+ Ne7 31. Rxc8 Qxc8 32. Qxe7+ Kg6
33. Ke2 Qb8 34. Qe4+ Kg7 35. f4 b4 36. h4 Qb5+ 37. Qd3 Qc5 38. hxg5 hxg5 39.
Qd7+ Kf8 40. fxg5 fxg5 41. Qd8+ Kf7 42. Qxg5 Qc2 43. Qd5+ Kf6 44. Qd6+ Kf7 45.
Qxa6 Qf5 46. Qc4+ Kf8 47. Qf4 1-0

[Event "100th YMCA Winter D"]
[Site "Warszawa"]
[Date "2012.02.21"]
[Round "8"]
[White "Markiewicz, Janusz"]
[Black "Jankiewicz, Maciej"]
[Result "0-1"]
[WhiteElo "1411"]
[BlackElo "1389"]
[PlyCount "100"]
[EventDate "2012.01.03"]
[EventType "tourn"]
[EventRounds "1"]
[EventCountry "POL"]
[SourceDate "2012.01.03"]

1. e4 d5 2. exd5 Nf6 3. c4 c6 4. Nc3 cxd5 5. d4 Bf5 6. c5 a6 7. Nf3 b6 8. Qa4+
Bd7 9. Qb3 bxc5 10. Nxd5 Be6 11. Nxf6+ exf6 12. Qa4+ Bd7 13. Qc2 cxd4 14. Nxd4
Bd6 15. Bd3 Bb4+ 16. Bd2 Bxd2+ 17. Qxd2 O-O 18. O-O Bg4 19. Be4 Ra7 20. Qb4 Rd7
21. Nf5 Bh5 22. Qc5 g6 23. Ng3 Bg4 24. f3 Be6 25. b3 Rc7 26. Qe3 Re8 27. Qh6 f5
28. Rad1 Qf6 29. Bb1 Qb2 30. Rf2 Qc3 31. Rc2 Qa5 32. Rcd2 Rce7 33. Rd4 Qb6 34.
Kf1 Bd7 35. Nh5 Bb5+ 36. Bd3 Qxd4 37. Nf4 Bxd3+ 38. Nxd3 Re1+ 39. Rxe1 Qxd3+
40. Kf2 Qc2+ 41. Kf1 Rxe1+ 42. Kxe1 Qxa2 43. Qe3 Qa5+ 44. Kf2 Qd8 45. Qc3 Qb6+
46. Kg3 Nc6 47. Qc4 Qb5 48. Qc2 a5 49. Kh3 f4 50. Qc3 Qh5# 0-1

[Event "100th YMCA Winter D"]
[Site "Warszawa"]
[Date "2012.02.21"]
[Round "8"]
[White "Gajewski, Wojciech"]
[Black "Starczewski, Michal"]
[Result "1/2-1/2"]
[WhiteElo "1481"]
[BlackElo "1511"]
[PlyCount "69"]
[EventDate "2012.01.03"]
[EventType "tourn"]
[EventRounds "1"]
[EventCountry "POL"]
[SourceDate "2012.01.03"]

1. Nf3 Nf6 2. g3 d5 3. Bg2 c5 4. d3 e6 5. Nbd2 Nc6 6. e4 Be7 7. Qe2 dxe4 8.
dxe4 O-O 9. c3 Qc7 10. O-O b6 11. Re1 Bb7 12. b3 Ne5 13. Nxe5 Qxe5 14. Bb2 Rad8
15. Rad1 Rd7 16. f3 Rfd8 17. Nf1 Qc7 18. Ne3 a6 19. c4 Bc6 20. e5 Rxd1 21. Rxd1
Nd7 22. f4 f5 23. Bxc6 Qxc6 24. Qg2 Qxg2+ 25. Kxg2 g5 26. Kf3 g4+ 27. Kg2 Kf7
28. h3 h5 29. hxg4 hxg4 30. Rh1 Kg6 31. Rd1 Nb8 32. Rxd8 Bxd8 33. Nc2 Nc6 34.
a4 Kf7 35. Bc3 1/2-1/2

[Event "100th YMCA Winter D"]
[Site "Warszawa"]
[Date "2012.01.27"]
[Round "8"]
[White "Solnicki, Maciej"]
[Black "Sokur, Ivan"]
[Result "0-1"]
[WhiteElo "1474"]
[BlackElo "1458"]
[PlyCount "84"]
[EventDate "2012.01.03"]
[EventType "tourn"]
[EventRounds "1"]
[EventCountry "POL"]
[SourceDate "2012.01.03"]

1. e4 c5 2. Nf3 Nc6 3. c4 g6 4. d4 cxd4 5. Nxd4 Bg7 6. Be3 e6 7. Nc3 Nge7 8.
Be2 b6 9. O-O O-O 10. f3 f5 11. exf5 Nxf5 12. Nxf5 exf5 13. Qd5+ Kh8 14. Qd2
Re8 15. Bg5 Qc7 16. Rfe1 Nd4 17. Nd5 Qc5 18. Kh1 Ne6 19. Bf6 Bb7 20. Bxg7+ Nxg7
21. Nf6 Re6 22. Nd5 Bxd5 23. Qxd5 Rae8 24. Qd2 Qf2 25. Qb4 Rxe2 26. Rxe2 Qxe2
27. b3 Qe3 28. h3 a5 29. Qd6 Qe5 30. Rd1 Qxd6 31. Rxd6 Rb8 32. Rxd7 Ne6 33. Kg1
Nc5 34. Rd6 Kg7 35. Kf2 Rb7 36. Ke3 g5 37. f4 Re7+ 38. Kf3 Re6 39. Rd5 Kf6 40.
fxg5+ Kxg5 41. g4 Rf6 42. Kg3 Ne4+ 0-1

[Event "100th YMCA Winter D"]
[Site "Warszawa"]
[Date "2012.02.21"]
[Round "8"]
[White "Olsztynski, Andrzej"]
[Black "Kovalchuk, Vasyl"]
[Result "1/2-1/2"]
[WhiteElo "1534"]
[BlackElo "1662"]
[PlyCount "49"]
[EventDate "2012.01.03"]
[EventType "tourn"]
[EventRounds "1"]
[EventCountry "POL"]
[SourceDate "2012.01.03"]

1. e4 c5 2. Nf3 d6 3. d4 cxd4 4. Nxd4 Nf6 5. Nc3 a6 6. Bg5 e6 7. f4 Nbd7 8. Qf3
h6 9. Bxf6 Nxf6 10. O-O-O e5 11. fxe5 Bg4 12. Qf4 Bxd1 13. exf6 Bh5 14. Nd5 Qa5
15. Bc4 g5 16. Qe3 Qc5 17. Qc3 Rc8 18. b3 b5 19. Nxb5 axb5 20. Bxb5+ Kd8 21.
Qa5+ Rc7 22. Qa8+ Rc8 23. Qa5+ Rc7 24. Qa8+ Rc8 25. Qa5+ 1/2-1/2

[Event "100th YMCA Winter D"]
[Site "Warszawa"]
[Date "2012.03.01"]
[Round "9"]
[White "Kovalchuk, Vasyl"]
[Black "Jackiewicz, Jerzy"]
[Result "0-1"]
[WhiteElo "1662"]
[BlackElo "1668"]
[PlyCount "156"]
[EventDate "2012.01.03"]
[EventType "tourn"]
[EventRounds "1"]
[EventCountry "POL"]
[SourceDate "2012.01.03"]

1. c4 Nf6 2. Nc3 e6 3. Nf3 Be7 4. e3 b6 5. Be2 Bb7 6. a3 O-O 7. O-O d5 8. b3
Nbd7 9. Bb2 c5 10. Qc2 h6 11. Rad1 Qc7 12. d3 e5 13. cxd5 Nxd5 14. Ne4 N5f6 15.
Ned2 Bd6 16. e4 Rfe8 17. Nc4 Rad8 18. a4 Ba6 19. Ne3 Bf8 20. Rd2 g6 21. Rfd1
Bg7 22. b4 Qb8 23. b5 Bb7 24. Nc4 Nh5 25. g3 Bf6 26. Bc3 Bc8 27. Qb2 Kh7 28.
Bf1 Bg7 29. Bh3 f6 30. Ne1 Nf8 31. Bg2 Ne6 32. Nc2 Nd4 33. N2e3 Be6 34. f3 Qc8
35. Ra1 Qd7 36. Ra3 Rb8 37. Qb1 Bf8 38. Kf2 Be7 39. Rb2 Bh3 40. Bd2 Be6 41. Bf1
Rf8 42. Qc1 g5 43. Qb1 Kg7 44. Bc3 Rfc8 45. Ra1 Rb7 46. Qd1 Bf7 47. Be2 Qh3 48.
Kg1 Qd7 49. Bxd4 cxd4 50. Nf5+ Kh7 51. f4 Ng7 52. Nxg7 Kxg7 53. fxe5 Bxc4 54.
exf6+ Bxf6 55. Bg4 Be6 56. Bf3 Rbc7 57. Qe2 g4 58. Bg2 Bg5 59. Bf1 Be3+ 60. Kg2
Rf8 61. Qd1 h5 62. Re2 Rf3 63. Kh1 Qf7 64. Rb1 Rf2 65. Bg2 Rxe2 66. Qxe2 Qf2
67. Qd1 Rc2 68. Qf1 Qxf1+ 69. Rxf1 Rc1 70. Rxc1 Bxc1 71. e5 Bb3 72. Bc6 Bxa4
73. Kg2 a6 74. Be8 Kh6 75. e6 Ba3 76. Kf2 Bxb5 77. Bxb5 axb5 78. Ke2 Kg6 0-1

[Event "100th YMCA Winter D"]
[Site "Warszawa"]
[Date "2012.02.28"]
[Round "9"]
[White "Sokur, Ivan"]
[Black "Olsztynski, Andrzej"]
[Result "1-0"]
[WhiteElo "1458"]
[BlackElo "1534"]
[PlyCount "83"]
[EventDate "2012.01.03"]
[EventType "tourn"]
[EventRounds "1"]
[EventCountry "POL"]
[SourceDate "2012.01.03"]

1. d4 Nf6 2. c4 g6 3. Nc3 Bg7 4. g3 O-O 5. Bg2 d6 6. Bg5 h6 7. Bxf6 Bxf6 8. Nf3
Nd7 9. O-O e5 10. d5 Nc5 11. Nd2 a6 12. b4 Nd7 13. a4 Re8 14. e4 Bg7 15. Qc2
Nf6 16. Rae1 Bd7 17. b5 a5 18. h3 Qc8 19. Kh2 Nh7 20. Ne2 f5 21. f4 Rf8 22. Qa2
g5 23. exf5 gxf4 24. c5 Bxf5 25. cxd6 cxd6 26. Rc1 fxg3+ 27. Nxg3 Qd7 28. Nc4
Bg6 29. Nb6 Qe7 30. Nxa8 Rxa8 31. Nf5 Bxf5 32. Rxf5 e4 33. Qc4 e3 34. Rc2 Re8
35. Re2 Ng5 36. h4 Ne4 37. Qxe4 Qxe4 38. Bxe4 Rxe4 39. Kh3 Kh7 40. Rf7 b6 41.
Rg2 e2 42. Rfxg7+ 1-0

[Event "100th YMCA Winter D"]
[Site "Warszawa"]
[Date "2012.03.01"]
[Round "9"]
[White "Starczewski, Michal"]
[Black "Solnicki, Maciej"]
[Result "1/2-1/2"]
[WhiteElo "1511"]
[BlackElo "1474"]
[PlyCount "70"]
[EventDate "2012.01.03"]
[EventType "tourn"]
[EventRounds "1"]
[EventCountry "POL"]
[SourceDate "2012.01.03"]

1. d4 d5 2. c4 dxc4 3. e4 e5 4. Nf3 exd4 5. Qxd4 Qxd4 6. Nxd4 Bc5 7. Be3 Nf6 8.
Nc3 O-O 9. Bxc4 b6 10. Nd5 Nxd5 11. Bxd5 c6 12. Nxc6 Nxc6 13. Bxc6 Bb4+ 14. Kd1
Bg4+ 15. f3 Rad8+ 16. Ke2 Be6 17. b3 Rc8 18. Bd5 Bxd5 19. exd5 Rc2+ 20. Kd3
Rxg2 21. Rag1 Rg6 22. Rxg6 fxg6 23. f4 Bd6 24. Rf1 Rf5 25. Ke4 Kf8 26. Rc1 Ke7
27. Rc8 Rf8 28. Rxf8 Kxf8 29. h3 Ke7 30. Bd4 Kf7 31. Be5 Bc5 32. Bb8 a5 33. Ke5
Ke7 34. d6+ Kd7 35. Kd5 Bb4 1/2-1/2

[Event "100th YMCA Winter D"]
[Site "Warszawa"]
[Date "2012.02.28"]
[Round "9"]
[White "Jankiewicz, Maciej"]
[Black "Gajewski, Wojciech"]
[Result "0-1"]
[WhiteElo "1389"]
[BlackElo "1481"]
[PlyCount "94"]
[EventDate "2012.01.03"]
[EventType "tourn"]
[EventRounds "1"]
[EventCountry "POL"]
[SourceDate "2012.01.03"]

1. e4 g6 2. d4 Bg7 3. c3 d6 4. Be3 Nd7 5. Bd3 c5 6. f4 Qa5 7. Nd2 cxd4 8. cxd4
Qb4 9. Ngf3 Qxb2 10. O-O Qb6 11. Qe2 Ngf6 12. d5 Qd8 13. Bb5 O-O 14. Rac1 a6
15. Bd3 Ng4 16. Bd4 Bxd4+ 17. Nxd4 Qb6 18. N2f3 Nc5 19. Rb1 Qa7 20. Bc2 e5 21.
dxe6 Nxe6 22. Rfd1 Nxf4 23. Qd2 Ne6 24. h3 Nxd4 25. Qxd4 Ne5 26. Qxa7 Nxf3+ 27.
gxf3 Rxa7 28. Rxd6 Bxh3 29. Rbb6 Be6 30. a3 Kg7 31. f4 Rc8 32. Rd2 Rc5 33. e5
Rc6 34. Rb2 b5 35. Kf2 Rc3 36. a4 bxa4 37. Bxa4 Rc4 38. Bd1 Rxf4+ 39. Ke3 Rc4
40. Be2 Rc3+ 41. Kf4 a5 42. Rd8 a4 43. Rbb8 Kh6 44. Rg8 a3 45. Rb1 Rh3 46. Bg4
Ra4+ 47. Rb4 Rxb4# 0-1

[Event "100th YMCA Winter D"]
[Site "Warszawa"]
[Date "2012.02.28"]
[Round "9"]
[White "Rodak, Przemyslaw"]
[Black "Markiewicz, Janusz"]
[Result "1-0"]
[WhiteElo "1566"]
[BlackElo "1411"]
[PlyCount "67"]
[EventDate "2012.01.03"]
[EventType "tourn"]
[EventRounds "1"]
[EventCountry "POL"]
[SourceDate "2012.01.03"]

1. e4 e5 2. Nf3 d5 3. exd5 e4 4. Qe2 Nf6 5. d3 Qxd5 6. Nbd2 Bc5 7. Nxe4 O-O 8.
Nxf6+ gxf6 9. Qe4 Qd7 10. Be3 Re8 11. Qf4 Qe6 12. d4 Bd6 13. Qh4 f5 14. Bd3 h6
15. O-O Qg6 16. Bxh6 f6 17. Rfe1 Be6 18. d5 Bd7 19. Rxe8+ Bxe8 20. Bf4 Nd7 21.
Bxd6 cxd6 22. Qf4 Ne5 23. Bxf5 Nxf3+ 24. Qxf3 Qh6 25. Qg3+ Kh8 26. Re1 Qd2 27.
Qh4+ Kg7 28. Qh7+ Kf8 29. Qe7+ Kg8 30. Be6+ Kh8 31. Qxf6+ Kh7 32. Bf5+ Kg8 33.
Bh7+ Kxh7 34. Re7+ 1-0

[Event "100th YMCA Winter D"]
[Site "Warszawa"]
[Date "2012.02.28"]
[Round "9"]
[White "Wilczynski, Adam"]
[Black "Wojcikiewicz, Dariusz"]
[Result "1-0"]
[WhiteElo "1654"]
[BlackElo "1434"]
[PlyCount "83"]
[EventDate "2012.01.03"]
[EventType "tourn"]
[EventRounds "1"]
[EventCountry "POL"]
[SourceDate "2012.01.03"]

1. g3 Nf6 2. Bg2 Nc6 3. c4 e5 4. Nc3 Bc5 5. a3 a5 6. e3 O-O 7. Nge2 b6 8. O-O
Bb7 9. d4 exd4 10. exd4 Be7 11. Bg5 h6 12. Bf4 Qc8 13. Nb5 d6 14. Qd3 Nd8 15.
d5 Nd7 16. Ned4 Nc5 17. Qc2 Qd7 18. Rad1 Na6 19. Rfe1 Bf6 20. Bc1 Bc8 21. h3
Nb7 22. g4 Nbc5 23. Nc6 Re8 24. Be3 Bb7 25. b4 axb4 26. axb4 Nxb4 27. Nxb4 Bh4
28. Nc6 Rf8 29. Nbd4 Rae8 30. Nf5 Bf6 31. Bd4 Bxd4 32. Ncxd4 Bc8 33. Nc6 h5 34.
Qc3 f6 35. Nce7+ Kf7 36. g5 Rxe7 37. Rxe7+ Qxe7 38. g6+ Kg8 39. Nxe7+ Kh8 40.
Qf3 Bg4 41. hxg4 hxg4 42. Qf5 1-0

[Event "100th YMCA Winter D"]
[Site "Warszawa"]
[Date "2012.03.09"]
[Round "9"]
[White "Tomczyk, Ryszard"]
[Black "Bartczak, Hanna"]
[Result "1-0"]
[WhiteElo "1439"]
[BlackElo "1645"]
[PlyCount "87"]
[EventDate "2012.01.03"]
[EventType "tourn"]
[EventRounds "1"]
[EventCountry "POL"]
[SourceDate "2012.01.03"]

1. d4 Nf6 2. c4 d6 3. Nc3 g6 4. e4 Bg7 5. h3 Nbd7 6. Be3 c6 7. Nf3 Qa5 8. Qd2
O-O 9. Bd3 e5 10. a3 Qc7 11. O-O Re8 12. Rac1 Nf8 13. Bb1 exd4 14. Nxd4 Ne6 15.
Nde2 Nc5 16. Bxc5 dxc5 17. Rcd1 Be6 18. b3 Qa5 19. Qa2 Nd7 20. Qb2 b5 21. b4
cxb4 22. axb4 Qc7 23. c5 a5 24. f4 axb4 25. Qxb4 Bf8 26. Kh1 Bxc5 27. Qb2 Qa5
28. f5 Bc4 29. Rxd7 b4 30. Nd1 gxf5 31. Qf6 Qa1 32. Qg5+ Kh8 33. Qc1 Bxe2 34.
Rxf5 Re7 35. Rxf7 Rxf7 36. Rxf7 Qd4 37. Nb2 Bh5 38. Rf5 Bb6 39. Rxh5 Rf8 40. e5
Rf7 41. Nc4 Ba7 42. e6 Re7 43. Qf1 Qg7 44. Rxh7+ 1-0

[Event "100th YMCA Winter D"]
[Site "Warszawa"]
[Date "2012.03.08"]
[Round "10"]
[White "Jackiewicz, Jerzy"]
[Black "Bartczak, Hanna"]
[Result "0-1"]
[WhiteElo "1668"]
[BlackElo "1645"]
[PlyCount "92"]
[EventDate "2012.01.03"]
[EventType "tourn"]
[EventRounds "1"]
[EventCountry "POL"]
[SourceDate "2012.01.03"]

1. e4 d6 2. d4 Nf6 3. Nc3 c6 4. Nf3 Bg4 5. h3 Bh5 6. Be3 Bg6 7. Bd3 Nbd7 8. O-O
e5 9. dxe5 dxe5 10. a3 Qc7 11. Bg5 a5 12. Qe2 Be7 13. Rac1 O-O 14. a4 Nc5 15.
Bxf6 Bxf6 16. Rfd1 Ne6 17. Nb1 Qb6 18. b3 Nf4 19. Nbd2 Nxe2+ 20. Bxe2 Qc7 21.
Bd3 h6 22. Nf1 Be7 23. Ne3 Bc5 24. Ng4 f6 25. g3 Bf7 26. Kg2 Qb6 27. Rd2 Rad8
28. Re2 Be6 29. Ne3 Bxe3 30. Rxe3 c5 31. Bb5 Qc7 32. Kh2 Rd6 33. g4 Rfd8 34.
Kg3 Rd1 35. Rxd1 Rxd1 36. Be2 Rd8 37. Bb5 b6 38. Bd3 c4 39. Bxc4 Bxc4 40. Rc3
Qb7 41. Rxc4 Rc8 42. Rxc8+ Qxc8 43. c4 Qc5 44. Nh4 Qb4 45. Nf5 Qxb3+ 46. f3
Qxa4 0-1

[Event "100th YMCA Winter D"]
[Site "Warszawa"]
[Date "2012.03.06"]
[Round "10"]
[White "Wojcikiewicz, Dariusz"]
[Black "Tomczyk, Ryszard"]
[Result "1-0"]
[WhiteElo "1434"]
[BlackElo "1439"]
[PlyCount "119"]
[EventDate "2012.01.03"]
[EventType "tourn"]
[EventRounds "1"]
[EventCountry "POL"]
[SourceDate "2012.01.03"]

1. b3 Nf6 2. Bb2 e6 3. Nf3 b6 4. g3 Bb7 5. Bg2 g6 6. O-O Bg7 7. c4 O-O 8. Qc2
d6 9. d4 c5 10. dxc5 Be4 11. Qd2 dxc5 12. Rd1 Qc7 13. Nc3 Bc6 14. Nb5 Qb7 15.
Rab1 Nbd7 16. Qf4 Rad8 17. Qh4 Be4 18. Nd6 Qa8 19. Nxe4 Qxe4 20. Qxe4 Nxe4 21.
Rd3 Ndf6 22. Ne5 Rxd3 23. Nxd3 Nd6 24. Be5 Nf5 25. Rd1 Rd8 26. Bc7 Rd7 27. Bb8
Ne7 28. Kf1 Kf8 29. Ke1 Ke8 30. Ne5 Rxd1+ 31. Kxd1 a5 32. Bc7 Nc8 33. Bb7 Nd7
34. Nxf7 Ne7 35. Ng5 e5 36. Nxh7 Bh6 37. h4 Kf7 38. Ng5+ Kf6 39. Ne4+ Ke6 40.
Nc3 Bg7 41. Nd5 Nxd5 42. Bxd5+ Ke7 43. Bc6 e4 44. Bxd7 Kxd7 45. Bxb6 Bc3 46.
Bxc5 Kc6 47. Be3 Bb4 48. Bd2 Kc5 49. Bxb4+ Kxb4 50. Kc2 Ka3 51. Kb1 Kb4 52. Kb2
Kc5 53. Kc3 Kd6 54. Kd4 e3 55. Kxe3 Ke5 56. f4+ Kf5 57. a3 Kg4 58. Kf2 Kf5 59.
b4 Ke4 60. c5 1-0

[Event "100th YMCA Winter D"]
[Site "Warszawa"]
[Date "2012.03.06"]
[Round "10"]
[White "Markiewicz, Janusz"]
[Black "Wilczynski, Adam"]
[Result "1-0"]
[WhiteElo "1411"]
[BlackElo "1654"]
[PlyCount "151"]
[EventDate "2012.01.03"]
[EventType "tourn"]
[EventRounds "1"]
[EventCountry "POL"]
[SourceDate "2012.01.03"]

1. e4 c5 2. b4 cxb4 3. d4 d5 4. e5 Bf5 5. Bd3 Qc8 6. Qf3 Bxd3 7. Qxd3 e6 8. Ne2
Ne7 9. O-O Nf5 10. Ng3 g6 11. Nd2 Nc6 12. Nb3 a5 13. Bg5 a4 14. Nxf5 gxf5 15.
Bf6 Rg8 16. Nd2 Rg4 17. Nf3 Na5 18. h3 Rg8 19. Ng5 h6 20. Nh7 Qc4 21. Qe3 Qc3
22. Qe2 Rg6 23. Kh2 Nc4 24. Nxf8 Kxf8 25. Rad1 Na3 26. Rd2 Rc8 27. Rc1 Qb2 28.
Qe1 Rc3 29. Rd3 Ke8 30. Rxc3 Qxc3 31. Qd1 Kd7 32. h4 Rg4 33. Qe2 Qc4 34. Qe3
Qxd4 35. Qxh6 Qxf2 36. Rg1 Qf4+ 37. Qxf4 Rxf4 38. Kg3 Rg4+ 39. Kf3 Nxc2 40. h5
Nd4+ 41. Ke3 Nc6 42. h6 d4+ 43. Kf3 Ne7 44. h7 Ng6 45. Rh1 Re4 46. Rh6 Re3+ 47.
Kf2 Nf4 48. h8=Q Nd3+ 49. Kg1 Re1+ 50. Kh2 Kc6 51. Qd8 Kc5 52. Rh4 f4 53. Be7+
Kc4 54. Qc7+ Kd5 55. Qxb7+ Kxe5 56. Qb5+ Ke4 57. Qc6+ Ke3 58. Qf3+ Kd2 59.
Bxb4+ Nxb4 60. Qxf4+ Re3 61. Qxd4+ Nd3 62. Rh3 Rxh3+ 63. Kxh3 e5 64. Qxa4 f5
65. Qa5+ Ke2 66. Qc3 e4 67. Qc2+ Ke3 68. Qc3 f4 69. a4 f3 70. gxf3 exf3 71. Kg3
Ke2 72. Qf6 f2 73. Qf3+ Kd2 74. a5 Ke1 75. Qxd3 f1=N+ 76. Qxf1+ 1-0